000 00594nam a2200217 i 4500
001 C2-0070049
003 PPAK
005 20190630222133.0
008 970429s1984 nyua|||| ||||| | eng d
040 _aPPAK
_beng
_cPPAK
_erda
082 0 4 _a623.746047
_223
090 0 0 _a623.746047
_bCOW
_dR
100 1 _aCowin,Hugh W.,
_eauthor
245 1 0 _aMilitary helicopters
264 1 _aNew York :
_bGallery Books ,
_c1984
300 _a83 pages :
_bcolour illustrations ;
_c27 cm
336 _2rdacontent
_atext
337 _2rdamedia
_aunmediated
338 _2rdacarrier
_avolume
942 _ddc
_cB
999 _c7983
_d7983